000 00284nam a2200109Ia 4500
008 201223s9999 xx 000 0 und d
100 _aGuha-Thakurta, Tapati
245 0 _a(The) Making of new Indian art
260 _aCambridge
_bCambridge University Press
300 _a352
942 _cBK
999 _c8246
_d8246